<?xml version="1.0" encoding="UTF-8"?>
<collection xmlns="http://www.loc.gov/MARC21/slim">
 <record>
  <leader>01346nam a2200301 a 4500</leader>
  <controlfield tag="001">0017967</controlfield>
  <controlfield tag="003">BD-DhAAL</controlfield>
  <controlfield tag="008">090713r20072000nyuab    b    001 0 eng d</controlfield>
  <datafield tag="010" ind1=" " ind2=" ">
   <subfield code="a">   00042201 </subfield>
  </datafield>
  <datafield tag="020" ind1=" " ind2=" ">
   <subfield code="a">1403905614</subfield>
  </datafield>
  <datafield tag="040" ind1=" " ind2=" ">
   <subfield code="a">DLC</subfield>
   <subfield code="c">DLC</subfield>
   <subfield code="d">DLC</subfield>
   <subfield code="d">BD-DhAAL</subfield>
  </datafield>
  <datafield tag="082" ind1="0" ind2="0">
   <subfield code="a">820.9</subfield>
   <subfield code="2">21</subfield>
  </datafield>
  <datafield tag="100" ind1="1" ind2=" ">
   <subfield code="a">Alexander, Michael,</subfield>
   <subfield code="d">1941-</subfield>
   <subfield code="9">5716</subfield>
  </datafield>
  <datafield tag="245" ind1="1" ind2="2">
   <subfield code="a">A history of English literature /</subfield>
   <subfield code="c">Michael Alexander.</subfield>
  </datafield>
  <datafield tag="260" ind1=" " ind2=" ">
   <subfield code="a">New York, N.Y. :</subfield>
   <subfield code="b">St. Martin's Press,</subfield>
   <subfield code="c">2000 [reprinted 2007].</subfield>
  </datafield>
  <datafield tag="300" ind1=" " ind2=" ">
   <subfield code="a">xii, 387 p. :</subfield>
   <subfield code="b">ill., maps ;</subfield>
   <subfield code="c">26 cm</subfield>
  </datafield>
  <datafield tag="490" ind1="1" ind2=" ">
   <subfield code="a">Foundations</subfield>
  </datafield>
  <datafield tag="504" ind1=" " ind2=" ">
   <subfield code="a">Includes bibliographical references and index.</subfield>
  </datafield>
  <datafield tag="526" ind1=" " ind2=" ">
   <subfield code="a">ENH</subfield>
  </datafield>
  <datafield tag="541" ind1="1" ind2=" ">
   <subfield code="e">17967</subfield>
   <subfield code="a">D. S. Books International</subfield>
  </datafield>
  <datafield tag="650" ind1=" " ind2="0">
   <subfield code="a">English literature</subfield>
   <subfield code="x">History and criticism.</subfield>
  </datafield>
  <datafield tag="651" ind1=" " ind2="0">
   <subfield code="a">Great Britain</subfield>
   <subfield code="x">Intellectual life.</subfield>
  </datafield>
  <datafield tag="830" ind1=" " ind2="0">
   <subfield code="a">Foundations (St. Martin's Press)</subfield>
   <subfield code="9">58006</subfield>
  </datafield>
  <datafield tag="852" ind1="4" ind2=" ">
   <subfield code="a">Ayesha Abed Library </subfield>
   <subfield code="c">General Stacks</subfield>
  </datafield>
  <datafield tag="942" ind1="0" ind2="0">
   <subfield code="0">1</subfield>
   <subfield code="2">ddc</subfield>
   <subfield code="c">BK</subfield>
  </datafield>
  <datafield tag="999" ind1=" " ind2=" ">
   <subfield code="c">2320</subfield>
   <subfield code="d">2320</subfield>
  </datafield>
  <datafield tag="952" ind1=" " ind2=" ">
   <subfield code="0">0</subfield>
   <subfield code="1">0</subfield>
   <subfield code="2">ddc</subfield>
   <subfield code="4">0</subfield>
   <subfield code="6">820_900000000000000_ALE_2007</subfield>
   <subfield code="7">0</subfield>
   <subfield code="9">2144</subfield>
   <subfield code="a">BRACUL</subfield>
   <subfield code="b">BRACUL</subfield>
   <subfield code="c">GEN</subfield>
   <subfield code="d">2009-07-13</subfield>
   <subfield code="e">D. S. Books International</subfield>
   <subfield code="l">5</subfield>
   <subfield code="m">3</subfield>
   <subfield code="o">820.9 ALE</subfield>
   <subfield code="p">3010017968</subfield>
   <subfield code="r">2022-07-18</subfield>
   <subfield code="s">2022-07-17</subfield>
   <subfield code="t">2</subfield>
   <subfield code="w">2009-07-13</subfield>
   <subfield code="y">BK</subfield>
   <subfield code="x">USD 41.70</subfield>
  </datafield>
  <datafield tag="952" ind1=" " ind2=" ">
   <subfield code="0">0</subfield>
   <subfield code="1">0</subfield>
   <subfield code="2">ddc</subfield>
   <subfield code="4">0</subfield>
   <subfield code="6">820_900000000000000_ALE_2007</subfield>
   <subfield code="7">0</subfield>
   <subfield code="9">16185</subfield>
   <subfield code="a">BRACUL</subfield>
   <subfield code="b">BRACUL</subfield>
   <subfield code="c">GEN</subfield>
   <subfield code="d">2011-04-23</subfield>
   <subfield code="e">D. S. Books International</subfield>
   <subfield code="l">4</subfield>
   <subfield code="m">21</subfield>
   <subfield code="o">820.9 ALE</subfield>
   <subfield code="p">3010017967</subfield>
   <subfield code="r">2018-12-10</subfield>
   <subfield code="s">2018-10-23</subfield>
   <subfield code="t">1</subfield>
   <subfield code="w">2011-04-23</subfield>
   <subfield code="y">BK</subfield>
   <subfield code="x">USD 41.70</subfield>
  </datafield>
 </record>
</collection>
